000 01070cam a2200217 4500
001 L124343
008 031117n2003 000 0 eng u
020 _a1900391112
035 _a(Sirsi) u124343
041 _aeng
050 _a658.404
_c18
100 _aBradley, P.
245 _aUsing Prince2
_bthe project manager's guide
260 _aHook
_bProject Manager Today
_c2003
300 _axii, 216p.
_c24cm.
350 _a25
520 _aThis text provides a practical approach to getting project work done using PRINCE2. Written from the perspective of the project manager, it provides guidance throughout the project; what to do and when to do it, and importantly, provides ideas about how to get it done. Questions to ask when you are checking on progress; how you should structure project meetings to make them more effective. What information should you provide to senior managers about your project. Outlines advantages of using PRINCE2. Glossary.
650 _aPROJECTS IN CONTROLLED ENVIRONMENTS
690 _aProject management
_96261
942 _n0
999 _c103209
_d103209